Design and Analysis of Algorithms

Saved in:
Bibliographic Details
Main Author: Robert
Format: Book
Published: Discovery Pub.
Tags: Add Tag
No Tags, Be the first to tag this record!

MARC

LEADER 00000nam a2200000Ia 4500
005 20260513122054.0
020 |a 9789362242037 
100 |a Robert 
365 |c Rs. 
365 |b 28.00 
942 |c BK 
245 |a Design and Analysis of Algorithms 
260 |b Discovery Pub. 
999 |c 110  |d 110 
952 |0 0  |1 0  |4 0  |7 0  |a UNSW  |b UNSW  |d 2026-05-06  |g 2900.00  |i 16685  |l 0  |p 000038  |r 2026-05-13 12:20:54  |v 2900.00  |w 2026-05-13  |y BK